Pokemon Go items - Statistics

General Stats
  • This quiz has been taken 177 times
  • The average score is 11 of 14
Answer Stats
Hint Answer % Correct
thing you capture Pokemons with Poke ball
99%
better then the above Great ball
92%
the best of the aboves Ultra ball
92%
Healing item Potion
91%
Item to bring a pokemon back to life revive
91%
Better healing item Super potion
78%
Even better healing item Hyper potion
77%
Berry Razz berry
76%
The best healing item Max potion
75%
The best item of the above max revive
74%
Attract pokemon to you incense
73%
double xp lucky egg
68%
egg hatcher incubator
65%
attract pokemon to pokestop lure module
60%
No matching quizzes found
Score Distribution
Percent of People with Each Score
Percentile by Number Answered
Your Score History
You have not taken this quiz